<?xml version="1.0" encoding="UTF-8"?>
<collection xmlns="http://www.loc.gov/MARC21/slim">
 <record>
  <leader>     na                 </leader>
  <controlfield tag="001">INLIS000000000021011</controlfield>
  <controlfield tag="005">20230512032303</controlfield>
  <datafield tag="035" ind1=" " ind2=" ">
   <subfield code="a">0010-0523000350</subfield>
  </datafield>
  <controlfield tag="007">ta</controlfield>
  <controlfield tag="008">230512                e          0 ind  </controlfield>
  <datafield tag="020" ind1=" " ind2=" ">
   <subfield code="a">978-623-6083-14-7</subfield>
  </datafield>
  <datafield tag="082" ind1=" " ind2=" ">
   <subfield code="a">155.25</subfield>
  </datafield>
  <datafield tag="084" ind1=" " ind2=" ">
   <subfield code="a">155.25 WIL t</subfield>
  </datafield>
  <datafield tag="100" ind1="0" ind2=" ">
   <subfield code="a">William Bridges, Ph.D</subfield>
   <subfield code="e">Pengarang</subfield>
  </datafield>
  <datafield tag="245" ind1="1" ind2=" ">
   <subfield code="a">Transisi :</subfield>
   <subfield code="b">Memahami Proses Perubahan dalam Hidup</subfield>
  </datafield>
  <datafield tag="250" ind1=" " ind2=" ">
   <subfield code="a">Cetakan 1</subfield>
  </datafield>
  <datafield tag="300" ind1=" " ind2=" ">
   <subfield code="a">xxii + 274 halaman :</subfield>
   <subfield code="b">Ilustrasi ;</subfield>
   <subfield code="c">21 cm</subfield>
  </datafield>
  <datafield tag="650" ind1=" " ind2="4">
   <subfield code="a">Perkembangan Kepribadian</subfield>
  </datafield>
  <datafield tag="650" ind1=" " ind2="4">
   <subfield code="a">Motivasi Diri</subfield>
  </datafield>
  <datafield tag="700" ind1="0" ind2=" ">
   <subfield code="a">Susan Bridges</subfield>
   <subfield code="e">Pengarang</subfield>
  </datafield>
  <datafield tag="700" ind1="0" ind2=" ">
   <subfield code="a">Leinovar</subfield>
   <subfield code="e">Penerjemah</subfield>
  </datafield>
  <datafield tag="700" ind1="0" ind2=" ">
   <subfield code="a">Ratih Ramadywati</subfield>
   <subfield code="e">Penyunting</subfield>
  </datafield>
  <datafield tag="520" ind1=" " ind2=" ">
   <subfield code="a">Mengapa perubahan itu sulit? Mengapa move on itu kadang tidak nyaman? Apakah masa lalu itu lebih baik dan memulai yang baru itu kekeliruan? Bagaimana cara mengatasi masa-masa sulit dalam setiap proses perubahan hidup kita? Proses transisi atau peralihan menjadi satu proses yang cukup susah untuk dilewati manusia, karena dalam masa ini kita akan terbayang-bayang dengan apa yang pernah terjadi di masa lalu sehingga sulit untuk melangkah ke depan.&#13;
&#13;
Buku transisi ini berisikan mengenai proses peralihan yang dijalani oleh setiap manusia untuk membuatnya melangkah ke depan. Dalam buku yang harus dibaca oleh siapa saja yang ingin melalui setiap perubahan dengan baik, William Bridges menawarkan sebuah pola yang bisa membuat perubahan dalam hidup kita menjadi lebih baik dan lancar: Transisi ! William menawarkan 3 pola konseptual bagaimana transisi bekerja (Pengakhiran—Zona Netral—Permulaan Baru). Jika disadari dan diketahui sejak awal, niscaya akan membuat saat-saat sulit kita dalam hidup bisa menjadi lebih mudah dipahami. Transisi adalah buku pertama yang mengeksplorasi pola dasar dan universal dari pergeseran dalam hidup. Buku ini telah membantu jutaan pembaca mengatasi kebingungannya dalam segala transisi hidupnya. Tak heran jika ia dinobatkan sebagai salah satu dari 50 buku self-help terbaik dunia.</subfield>
  </datafield>
  <datafield tag="264" ind1=" " ind2=" ">
   <subfield code="a">Jakarta Selatan :</subfield>
   <subfield code="b">Rene Book,</subfield>
   <subfield code="c">2021</subfield>
  </datafield>
  <datafield tag="336" ind1=" " ind2=" ">
   <subfield code="2">rdacontent</subfield>
   <subfield code="a">Teks</subfield>
  </datafield>
  <datafield tag="337" ind1=" " ind2=" ">
   <subfield code="2">rdamedia</subfield>
   <subfield code="a">Tanpa Perantara</subfield>
  </datafield>
  <datafield tag="338" ind1=" " ind2=" ">
   <subfield code="2">rdacarrier</subfield>
   <subfield code="a">Lembar</subfield>
  </datafield>
  <datafield tag="990" ind1=" " ind2=" ">
   <subfield code="a">073128</subfield>
  </datafield>
  <datafield tag="990" ind1=" " ind2=" ">
   <subfield code="a">073129</subfield>
  </datafield>
  <datafield tag="990" ind1=" " ind2=" ">
   <subfield code="a">073130</subfield>
  </datafield>
 </record>
</collection>
